000 00218 a2200097 4500
001 47969
100 _aKhan Nazir
245 _aCommon wealth of Muslim state
260 _aKarachi
_bFerozsons
_c
090 _c30960
_d30960
942 _aNUST-CAE
_cM
_c23292
999 _c283042
_d283042